| 000 | 00818pam a22002297a 4500 | ||
|---|---|---|---|
| 003 | OSt | ||
| 005 | 20151127131901.0 | ||
| 008 | 150123s2014 spc 000 0 spa|d | ||
| 017 |
_aDL B 23038-2014 _bBiblioteca de Catalunya |
||
| 020 | _a9788447539079 | ||
| 040 |
_bcat _cCDMR |
||
| 100 | 1 |
_aSemir, Vladimir de, _d1948- |
|
| 245 | 1 | 0 |
_aDecir la ciencia _b: divulgación y periodismo científico de Galileo a Twitter _cVladimir de Semir |
| 260 |
_aBarcelona _bUniversitat de Barcelona, Publicacions i Edicions _cDL 2014 |
||
| 300 |
_a319 p. ; _c24 cm |
||
| 490 |
_aPeriodismo activo ; _v4 |
||
| 504 | _aBibliografia p. 317-319 | ||
| 650 | 7 |
_aDivulgació científica _2lemac _94259 |
|
| 650 | 7 |
_aPeriodisme científic _2lemac _92804 |
|
| 650 | 7 |
_aPeriodisme _xInnovacions tecnològiques _2lemac _92272 |
|
| 942 |
_cMON _2udc |
||
| 999 |
_c6789 _d6789 |
||